Fundamentals of nursing : (Record no. 10939)

MARC details
000 -LEADER
fixed length control field 00964cam a2200289 i 4500
003 - CONTROL NUMBER IDENTIFIER
control field URS
005 - DATE AND TIME OF LATEST TRANSACTION
control field 20220125152801.0
008 - FIXED-LENGTH DATA ELEMENTS--GENERAL INFORMATION
fixed length control field 740109s1974 paua b 001 0 eng
020 ## - INTERNATIONAL STANDARD BOOK NUMBER
International Standard Book Number 039754152X
040 ## - CATALOGING SOURCE
Description conventions rda
Transcribing agency URS
Language of cataloging English
050 00 - LIBRARY OF CONGRESS CALL NUMBER
Classification number RT41
Item number .F85 1974
100 ## - MAIN ENTRY--PERSONAL NAME
Personal name Fuerst, Elinor V.,
Relator term author.
9 (RLIN) 1121
245 10 - TITLE STATEMENT
Title Fundamentals of nursing :
Remainder of title the humanities and the sciences in nursing /
Statement of responsibility, etc Elinor V. Fuerst, LuVerne Wolff, Marlene H. Weitzel.
250 ## - EDITION STATEMENT
Edition statement 5th ed.
264 ## - PUBLICATION, DISTRIBUTION, ETC. (IMPRINT)
Place of publication, distribution, etc Philadelphia :
Name of publisher, distributor, etc Lippincott,
Date of publication, distribution, etc ©1974.
300 ## - PHYSICAL DESCRIPTION
Extent xxvii, 512 pages :
Other physical details illustrations ;
Dimensions 27 cm.
336 ## - CONTENT TYPE
Content type term text
Content type code txt
Source rdacontent
337 ## - MEDIA TYPE
Media type term unmediated
Media type code n
Source rdamedia
338 ## - CARRIER TYPE
Carrier type term volume
Carrier type code nc
Source rdacarrier
504 ## - BIBLIOGRAPHY, ETC. NOTE
Bibliography, etc Includes bibliographies.
650 #0 - SUBJECT ADDED ENTRY--TOPICAL TERM
Topical term or geographic name as entry element Nursing.
9 (RLIN) 1023
650 #0 - SUBJECT ADDED ENTRY--TOPICAL TERM
Topical term or geographic name as entry element Nurse-patient relations.
9 (RLIN) 1122
650 #2 - SUBJECT ADDED ENTRY--TOPICAL TERM
Topical term or geographic name as entry element Nursing care.
700 1# - ADDED ENTRY--PERSONAL NAME
Personal name Lewis, LuVerne Wolff,
Relator term author.
700 ## - ADDED ENTRY--PERSONAL NAME
Personal name Weitzel, Marlene H.,
Relator term author.
9 (RLIN) 1123
942 ## - ADDED ENTRY ELEMENTS (KOHA)
Source of classification or shelving scheme Library of Congress Classification
Koha item type Foreign Books
Holdings
Withdrawn status Lost status Source of classification or shelving scheme Damaged status Not for loan Collection code Home library Current library Shelving location Date acquired Source of acquisition Total Checkouts Full call number Barcode Date last seen Copy number Price effective from Koha item type
    Library of Congress Classification     Non-fiction Taytay College Library Taytay College Library New Materials Shelf 08/17/2018 Donation   RT41 .F85 1974 URSTAY-4250 06/05/2025 1 01/08/2019 Foreign Books

University of Rizal System
Email us at univlibservices@urs.edu.ph

Visit our Website www.urs.edu.ph/library